00477nam a2200157Ia 4500003000900000008004100009020001800050040001600068080001600084245008000100260004600180300001500226650001400241650004100255700002300296IN-BaIIA211028s9999 xx 000 0 eng d a0-8165-0695-7 cIIA Library a523.44bAST 0aAsteroidscedited by Tom Gehrels  aTucsonbUniversity of Arizona Pressc1979 axi, 1181p. aAsteroids aAstronomy and astrophysics thesaurus aGehrels, Tom., ed.